000 00872nam a2200277 i 4500
001 bg
245 0 0 _aEkonomia /
_cJanusz Beksiak red. nauk. ; [aut. Janusz Beksiak et al.] ; Fundacja Edukacyjna Przedsiębiorczości.
260 _aWarszawa :
_bWydawnictwo Naukowe PWN,
_c2000.
300 _a250, [2] s. :
_bil. ;
_c24 cm.
490 1 _aPrzedsiębiorczość
500 _aNazwy aut. na s. 6.
650 9 _aEkonomia
655 _aPodręczniki akademickie
700 1 _aBEKSIAK, Janusz
_d(1929-2004).
710 0 _aFundacja Edukacyjna Przedsiębiorczości
830 _aPrzedsiębiorczość
020 _a8301132515
040 _cBPK
041 0 _apl
080 _a330
080 _a(075.8)
920 _a83-01-13251-5
942 _cKS
008 s pl f |000 0 pol
999 _c39392
_d39392
856 _uhttp://koha.tu.koszalin.pl/cgi-bin/koha/opac-detail.pl?biblionumber=39392
_yKatalog online BPK